NFC Championship Winning Head Coaches - Statistics

General Stats
  • This quiz has been taken 14 times
  • The average score is 42 of 60
Answer Stats
Season Team Winning Coach % Correct
2023 49ers Kyle Shanahan
100%
2019 49ers Kyle Shanahan
100%
2014 Seahawks Pete Carroll
100%
2013 Seahawks Pete Carroll
100%
2020 Buccaneers Bruce Arians
92%
2025 Seahawks Mike Macdonald
92%
2010 Packers Mike McCarthy
92%
2024 Eagles Nick Sirianni
92%
2022 Eagles Nick Sirianni
92%
2021 Rams Sean McVay
92%
2018 Rams Sean McVay
92%
2004 Eagles Andy Reid
83%
2017 Eagles Doug Pederson
83%
2012 49ers Jim Harbaugh
83%
2009 Saints Sean Payton
83%
1967 Packers Vince Lombardi
83%
1966 Packers Vince Lombardi
83%
1995 Cowboys Barry Switzer
75%
1990 Giants Bill Parcells
75%
1986 Giants Bill Parcells
75%
1988 49ers Bill Walsh
75%
1984 49ers Bill Walsh
75%
1981 49ers Bill Walsh
75%
1993 Cowboys Jimmy Johnson
75%
1992 Cowboys Jimmy Johnson
75%
1991 Redskins Joe Gibbs
75%
1987 Redskins Joe Gibbs
75%
1983 Redskins Joe Gibbs
75%
1982 Redskins Joe Gibbs
75%
2002 Buccaneers Jon Gruden
75%
1985 Bears Mike Ditka
75%
2005 Seahawks Mike Holmgren
75%
1997 Packers Mike Holmgren
75%
1996 Packers Mike Holmgren
75%
2015 Panthers Ron Rivera
75%
2011 Giants Tom Coughlin
75%
2007 Giants Tom Coughlin
75%
1978 Cowboys Tom Landry
75%
1977 Cowboys Tom Landry
75%
1975 Cowboys Tom Landry
75%
1971 Cowboys Tom Landry
75%
1970 Cowboys Tom Landry
75%
1976 Vikings Bud Grant
67%
1974 Vikings Bud Grant
67%
1973 Vikings Bud Grant
67%
1969 Vikings Bud Grant
67%
2016 Falcons Dan Quinn
67%
1999 Rams Dick Vermeil
58%
1980 Eagles Dick Vermeil
58%
1994 49ers George Seifert
58%
1989 49ers George Seifert
58%
2006 Bears Lovie Smith
58%
1998 Falcons Dan Reeves
33%
2008 Cardinals Ken Whisenhunt
33%
2001 Rams Mike Martz
33%
2003 Panthers John Fox
25%
1968 Colts Don Shula
17%
1972 Redskins George Allen
17%
2000 Giants Jim Fassel
8%
1979 Rams Ray Malavasi
8%
No matching quizzes found
Score Distribution
Percent of People with Each Score
Percentile by Number Answered
Your Score History
You have not taken this quiz